Top 10 Città più popolose Provincia di Alessandria - Statistics

Statistiche generali
  • Questo quiz è stato fatto 44 volte
  • Il punteggio medio è 8 su 10
Statistiche sulle risposte
Popolazione (ab.) Città % Corretto
89 411 Alessandria
97%
27 682 Novi Ligure
92%
25 986 Tortona
92%
34 812 Casale Monferrato
86%
11 685 Ovada
76%
6 322 Serravalle Scrivia
76%
19 671 Valenza
76%
20 054 Acqui Terme
70%
6 068 Arquata Scrivia
57%
5 414 Castelnuovo Scrivia
38%
Nessun quiz corrispondente trovato
Distribuzione punteggi
Percentuale di utenti per punteggio
Percentile per numero di risposta
I tuoi punteggi nel tempo
Non hai fatto questo quiz